MDQL
is popping MORE tags! Check the
thread
!
Quizzes
Events
Quiz Creation
Community
Videos
Private Events
Remove Ads
Sign In
Join for FREE
Feedback
Dark Mode
Quiz Categories
Sports
Geography
Music
Movies
Television
Just For Fun
Miscellaneous
History
Literature
Language
Science
Gaming
Entertainment
Religion
Holiday
For Kids
Quiz Lab
Recent
Popular Today
Quiz Kudos Today
Editor Picks
Curator Picks
Quizzes by...
Day
Popularity
Type
Ratings
Length
Year
Community
Subscriptions
Recent Discussions
Orange Saloon
Badges
Playlists
Quests
Create
Leaderboards
Showdown
Live 5
Trivia Bingo
Activity
Puzzle Library
Sporcle Events
Private Events
Virtual Trivia
Globe League
Become a Host
Pub Owners
SporcleCon
Opinionation
Our Games
Videos
Blog
Mobile Apps
Partnerships
Remove Ads and Go Orange
Feedback
Movies
Disney
Marvel Cinematic Universe
Movie Resume
Movie Titles
Oscar
Actor
Actress
Director
Pixar
Role
Movie Quotes
Movie Characters
Box Office
Nominee
Best Picture
Star Wars
James Bond
Horror Movies
Movies
Disney
Marvel Cinematic Universe
Movie Resume
Movie Titles
Oscar
Actor
Actress
Director
Pixar
Role
Movie Quotes
Movie Characters
Box Office
Nominee
Best Picture
Star Wars
James Bond
Horror Movies
Random Quiz
Search Sporcle
×
Quiz Lab
Quiz Lab
Movies
Horror Movies
Type in answers that appear in a list
Type in answers that appear in a list
Classic
Best Score? Go Orange.
Rotten Tomatoes 50 Best Horror Movies Stats
Can you name the Rotten Tomatoes 50 Best Horror Movies?
By
bduggan
6m
50 Questions
374 Plays
374 Plays
374 Plays
Comments
Comments
Give Quiz Kudos
Give Quiz Kudos
-
- Ratings
hide this ad
Replay
Link that replays current quiz
Next Quiz
Link to next quiz in quiz playlist
You Got
0%
They Got
Avg Score
52%
Avg Friend Score
Upgrade to see
Score Distribution
Jump to the score distribution portion of the page
Score
0/50
Timer
06:00
0
Plays Today
Year
Movie
% Correct
1960
Psycho
95.7%
1979
Alien
86.6%
1984
A Nightmare on Elm Street
83.2%
1978
Halloween
82.6%
1975
Jaws
81.3%
1968
Night of the Living Dead
79.7%
1978
Dawn of the Dead
79.4%
1931
Frankenstein
77.8%
1963
Birds
77.5%
1932
Dracula
77.5%
1986
Aliens
76.7%
1968
Rosemary's Baby
76.7%
1981
The Evil Dead
74.9%
1922
Nosferatu
74.1%
1974
The Texas Chainsaw Massacre
69.3%
1987
Evil Dead 2
65.8%
1935
Bride of Frankenstein
65%
1991
Silence of the Lambs
62.6%
1998
Ringu (Ring)
61.5%
1976
Carrie
61%
2009
Drag Me to Hell
57.2%
1979
Nosferatu the Vampyre
54.8%
1977
Suspiria
53.2%
1932
Freaks
52.7%
1941
The Wolf Man
50.3%
Year
Movie
% Correct
2004
Shaun of the Dead
50%
1977
Eraserhead
48.4%
1933
King Kong
47.6%
1956
Invasion of the Body Snatchers
46.5%
1978
Invasion of the Body Snatchers
46.5%
1990
Misery
44.1%
1919
The Cabinet of Dr. Caligari
43.9%
1932
The Mummy
43%
2008
Let the Right One In
42%
1965
Repulsion
41.4%
1973
Don't Look Now
40.9%
1960
Peeping Tom
38.2%
1974
Wicker Man
37.7%
1933
The Invisible Man
34.5%
1955
The Night of the Hunter
33.4%
1942
Cat People
32.6%
1931
Vampyr
28.9%
1962
Eyes Without a Face
25.9%
2009
Zombieland
25.1%
1978
Martin
23.8%
1931
Dr. Jekyll and Mr. Hyde
21.7%
1985
Fright Night
21.7%
1945
Dead of Night
20.9%
1943
I Walked with a Zombie
17.1%
1960
Village of the Damned
16%
Quiz Playlist
Details
Report
Send in Message
Add To Playlist
Classic:
Type in answers that appear in a list
Quiz Source
Last Updated: Feb 16, 2017
Quiz Scoreboard
CHALLENGE
Sign Up to Join the Scoreboard
Show All
Scores
Hide
Comments
May contain spoilers
Recently Published
Street Fighter Characters
by Artimus82
Gaming
60s
9x9 Crossword: Cartoon Network
by jackfrog10
Miscellaneous
3m
College Basketball Coaching Resumes
by pancakes188
Sports
9m
More to Explore
Quiz From the Vault
Featured Blog Post
Where Did the Easter Bunny Come From?
hide this ad
You Might Also Like...
Tags
Horror Movies Quiz
horror
Today's Top Quizzes in Movies
Browse Movies
hide this ad
Today's Top Quizzes in Horror Movies
Browse Horror Movies
Top Contributed Quizzes in Movies
1
Pick 5 Posters: Directed by Spielberg
2
7-to-1: Pixar Characters
3
Hidden Star Wars Character II
4
Pick 5 Posters: Lowest-Rated Spielberg
5
Sorting Actors
6
Sorting Actresses
7
Hidden Star Wars Character III
8
Pick 5 Posters: Directed by Scorsese
9
Hidden Star Wars Character IV
10
Pick 5 Posters: Star & Director
Explore More
Trending Topics
Anime
Crossword
NBA
Kpop
Harry Potter
Disney
Marvel
The Office
WWE
NFL
Country
Song
Puzzle
Pokémon
Soccer
hide this ad
More By:
bduggan
Quiz
Plays
Rating
Category
Featured
Created
Rotten Tomatoes 50 Best Horror Movies
374
3.80
Movies
May 8, 2011
Empire's Best 100 Films of World Cinema
288
4.50
Movies
May 9, 2011
Go to Creator's Profile
Score Distribution
Quiz Creator Spotlight
bduggan
Follow
Send a Message
Quizzes Created
-
Created Quiz Play Count
-
More By This Creator
Popular Quizzes Today
1
Find the US States - No Outlines Minefield
2
Find the Countries of Europe - No Outlines Minefield
3
The Countries of the World
4
Find the US States
5
Risky Map Clicking: Biggest States A-Z
6
US States
7
Popular People in 1961
8
Movies - When Are They Set?
More Movies Quizzes
Mothers in Disney Movies
Published
Trending Quizzes
Risky Map Clicking: Least Populous States A-Z
Countries of the World: 200 Million BC
1-10 Letter G Words
Risky Map Clicking: Next State Alphabetically
Adjectives in 80s TV Shows
Recently Updated
Leaping Animals
pecheneg
Reality TV Shows (A-Z)
bhenderson79
Rickey Henderson's Hall of Fame Teammates
pecheneg
Champions League XIs: Arsenal
pecheneg
Quick Pick: Celebrities in WWE's Hall of Fame
aduchscher
A-Z Keypad Blitz II
pecheneg
Multiple Oscar Actors
pecheneg
Mystery Phrase Blitz: Oscar 'Best Actors'
pecheneg
F. Scott Fitzgerald Novels
LTH
Pick 3 Villains
ddd62291
Trending Topics
Harry Potter
NBA
Marvel
Anime
Crossword
Disney
Kpop
Country
NFL
WWE
Song
Soccer
Pokémon
The Office
Puzzle
Your Account Isn't Verified!
In order to create a playlist on Sporcle, you need to verify the email address you used during registration. Go to your
Sporcle Settings
to finish the process.
Report this User
Report this user for behavior that violates our
Community Guidelines
.
Details:
Send Report
Go to the Sporcle.com Mobile Site →
Comments